000 00591nam a2200241 a 4500
001 nice12345678
003 IN_TiNIC
005 20260116011338.0
008 050524s1962 newa grp 000 0 eng
020 _a
_c100
082 0 0 _a266
_bHAR
100 _aHarr, W C
245 _aFrontiers of the Christian World Missions, Since 1938.
260 _aNew York
_bHarper and Row
_c1962
300 _a310p
500 _aincludes index and biblioraphy
505 2 _aBibliography, Index
650 _aMissions
700 1 _aHarr, W C
902 _bSRS
942 _cBK
999 _c703
_d703